000 00727nam a22002297a 4500
003 BUBTL
008 231113b ||||| |||| 00| 0 eng d
020 _a9789840801978
041 _aeng
082 _a954.92/ K1277s/ 2016
100 _95573
_aKamal, Kazi Ahmed
245 _aSheikh Mujibur Rahman and Birth of Bangladesh /
_cKazi Ahmed Kamal
250 _a4th ed.
260 _aDhaka :
_bAhmed Sarwerruddawla, Academic Press,
_cC2016.
300 _axix, 219 p. :
_c22 cm.
505 _aSheikh Mujibur Rahman and Birth of Bangladesh, Kamal, Kazi Ahmed, Bangabandhu
526 _aBangabandhu
650 0 _94372
_aBangabandhu
856 _k0
_l0
_yDownload
942 _2ddc
_cBK
999 _c7134
_d7134